LEADER 00911nam2-22003131i-450- 001 990000174980403321 035 $a000017498 035 $aFED01000017498 035 $a(Aleph)000017498FED01 035 $a000017498 100 $a20011111d--------km-y0itay50------ba 101 0 $aita 105 $ay-------001yy 200 1 $a[Tavole]. 12 tav. : ill. 210 $aTorino$cPresso A.F. Negro$d1874- 215 $av.$d24 cm 461 0$1001000013253$12001$a<> resistenza dei materiali e stabilità delle costruzioni 610 0 $aMateriali da costruzione$aResistenza 676 $a526.89 700 1$aCurioni,$bGiovanni$f<1831-1887>$06174 801 0$aIT$bUNINA$gRICA$2UNIMARC 901 $aBK 912 $a990000174980403321 952 $a13 AR 25 B 46$b9275$fFINBC 952 $a13 AR 25 B 45$b9274$fFINBC 959 $aFINBC 996 $a12 tav. : ill$9121318 997 $aUNINA DB $aING01 LEADER 00929nam0-2200289---450- 001 990009320330403321 005 20110215084409.0 035 $a000932033 035 $aFED01000932033 035 $a(Aleph)000932033FED01 035 $a000932033 100 $a20110215d2000----km-y0itay50------ba 101 0 $aita 102 $aIT 105 $ay-------001yy 200 1 $a<>rivoluzione liberale mancata$eil progetto Cavour-Santarosa sull'amministrazione comunale e provinciale (1858)$fEnrico Genta 210 $aTorino$cDeputazione subalpina di storia patria$d2000 215 $a370 p.$d24 cm 225 1 $aBiblioteca di storia italiana recente. Nuova serie$v26 700 1$aGenta,$bEnrico$0252577 801 0$aIT$bUNINA$gRICA$2UNIMARC 901 $aBK 912 $a990009320330403321 952 $aDDR-Fondo Fögen 031$b10974 ddr$fDDR 959 $aDDR 996 $aRivoluzione liberale mancata$9765539 997 $aUNINA